Detalles MARC
| 000 -CABECERA |
| campo de control de longitud fija |
01140nam a2200253 a 4500 |
| 001 - NÚMERO DE CONTROL |
| campo de control |
000043360 |
| 005 - FECHA Y HORA DE LA ÚLTIMA TRANSACCIÓN |
| campo de control |
20201002040839.0 |
| 008 - DATOS DE LONGITUD FIJA--INFORMACIÓN GENERAL |
| campo de control de longitud fija |
140311s2003 dr 000 0 spa d |
| 040 ## - FUENTE DE LA CATALOGACIÓN |
| Centro catalogador/agencia de origen |
DO-SdBNP |
| Lengua de catalogación |
spa |
| Centro/agencia transcriptor |
BNPHU |
| 082 ## - NÚMERO DE LA CLASIFICACIÓN DECIMAL DEWEY |
| Número de clasificación |
266.023 |
| Número de documento/Ítem |
S182L |
| 100 1# - ENTRADA PRINCIPAL--NOMBRE DE PERSONA |
| Nombre de persona |
Salvador Mejía, José, |
| Títulos y otros términos asociados al nombre |
Alexis |
| 9 (RLIN) |
71014 |
| 245 13 - MENCIÓN DE TÍTULO |
| Título |
El llamado misionero de Cristo a la luz del magisterio latinoamericano : |
| Resto del título |
(Medellín, Puebla y Santo Domingo) / |
| Mención de responsabilidad, etc. |
José Salvador Mejía. |
| 260 ## - PUBLICACIÓN, DISTRIBUCIÓN, ETC. |
| Lugar de publicación, distribución, etc. |
Santo Domingo : |
| Nombre del editor, distribuidor, etc. |
[s.n.], |
| Fecha de publicación, distribución, etc. |
2003. |
| 300 ## - DESCRIPCIÓN FÍSICA |
| Extensión |
392 p. ; |
| Dimensiones |
21 cm. |
| 500 ## - NOTA GENERAL |
| Nota general |
Incluye datos biografícos del autor en la contracubierta. |
| 500 ## - NOTA GENERAL |
| Nota general |
Tesis doctoral, Facultad de Teología de la Philosophis-Theologische Hochschule SVD ST. Agustín, asesorada por el prof. Dr. Joachim Piepke. |
| 504 ## - NOTA DE BIBLIOGRAFÍA, ETC. |
| Nota de bibliografía, etc. |
Incluye bibliografía y notas a pie de páginas. |
| 504 ## - NOTA DE BIBLIOGRAFÍA, ETC. |
| Nota de bibliografía, etc. |
Bibliografía: p. 373-389. |
| 590 ## - NOTA LOCAL (RLIN) |
| Nota local |
Inventariado, 2018/ YL |
| 650 #4 - PUNTO DE ACCESO ADICIONAL DE MATERIA--TÉRMINO DE MATERIA |
| Término de materia o nombre geográfico como elemento de entrada |
Misiones |
| Subdivisión general |
Iglesia católica |
| -- |
Historia |
| 9 (RLIN) |
20306 |
| 650 #4 - PUNTO DE ACCESO ADICIONAL DE MATERIA--TÉRMINO DE MATERIA |
| Término de materia o nombre geográfico como elemento de entrada |
Evangelización |
| Subdivisión general |
Historia |
| 9 (RLIN) |
71015 |
| 651 #4 - PUNTO DE ACCESO ADICIONAL DE MATERIA--NOMBRE GEOGRÁFICO |
| Nombre geográfico |
América Latina |
| Subdivisión general |
Historia |
| Subdivisión cronológica |
DESCUBRIMIENTO Y CONQUISTA 1492-1503 |
| 9 (RLIN) |
71016 |
| 910 ## - DATOS DE OPCIÓN DEL USUARIO (OCLC) |
| Datos de opción del usuario |
Validado. Control de calidad EMS |